| 000 | 00349nam a2200157Ia 4500 | ||
|---|---|---|---|
| 005 | 20250508165024.0 | ||
| 008 | 250508s9999||||xx |||||||||||||| ||und|| | ||
| 041 | _aEnglish | ||
| 082 |
_a658.83 _bBRO |
||
| 100 | _aBrown,J, Tom | ||
| 245 | 0 | _aBasic Marketing Research | |
| 250 | _a9ed | ||
| 260 |
_bCengage _c2018 |
||
| 300 | _a348p | ||
| 942 | _cBK | ||
| 999 |
_c13611 _d13611 |
||